MARC

LEADER 00000nam0a2200000 4500
001 35568
005 20231101210318.0
010 |a 5217005408 
035 |a (RuTPU)RU\TPU\book\36005 
035 |a BOOK00002657 
090 |a 35568 
100 |a 20011210d1989 km y0rusy50 ca 
101 0 |a rus 
102 |a RU 
105 |a a z 001zy 
200 1 |a Гибкие производственные системы сборки  |f под ред. А. И. Федотова 
210 |a Ленинград  |c Машиностроение  |d 1989 
215 |a 348 с.  |c ил. 
225 1 |a Гибкие производственные системы 
320 |a Библиогр.: с. 343-346. 
606 1 |a Механосборочное производство  |2 stltpush  |3 (RuTPU)RU\TPU\subj\43615  |9 63091 
610 1 |a гибкие производственные системы 
610 1 |a сборочные работы 
610 1 |a автоматизация 
610 1 |a создание 
610 1 |a применение 
610 1 |a формулы 
675 |a 621.757  |v 3 
702 1 |a Федотов  |b А. И.  |g Алексей Иванович  |4 340 
801 0 |a RU  |b 63413507  |c 20011210  |g PSBO 
801 2 |a RU  |b 63413507  |c 20220628  |g PSBO 
900 |a Гибкие производственные системы 
900 |a Основы гибкого автоматизированного производства 
942 |c BK